Použitie metódy "90 percent test" pri klasifikácii lízingu
Podstata "90 percent testu" spočíva vo vyčíslení pomeru medzi reálnou hodnotou predmetu lízingu a súčasnou hodnotou minimálnych lízingových platieb. Reálna hodnota pritom predstavuje súčet súčasnej hodnoty agregovaných minimálnych lízingových platieb a súčasnej hodnoty nezaručenej zostatkovej hodnot...
Gespeichert in:
| 1. Verfasser: | |
|---|---|
| Format: | Buchkapitel |
| Sprache: | Slowakisch |
| Schlagworte: | |
| Tags: |
Keine Tags, Fügen Sie das erste Tag hinzu!
|
MARC
| LEADER | 00000naa$a2200000$$$4500 | ||
|---|---|---|---|
| 001 | 0075990 | ||
| 005 | 20240502071905.3 | ||
| 041 | 0 | |a slo | |
| 044 | |a SK | ||
| 245 | 1 | 0 | |a Použitie metódy "90 percent test" pri klasifikácii lízingu |c Miroslava Vašeková |
| 520 | |a Podstata "90 percent testu" spočíva vo vyčíslení pomeru medzi reálnou hodnotou predmetu lízingu a súčasnou hodnotou minimálnych lízingových platieb. Reálna hodnota pritom predstavuje súčet súčasnej hodnoty agregovaných minimálnych lízingových platieb a súčasnej hodnoty nezaručenej zostatkovej hodnoty zistenej prenajímateľom. | ||
| 610 | 2 | 0 | |a lízing |
| 610 | 2 | 0 | |a lízing finančný |
| 610 | 2 | 0 | |a klasifikácia |
| 610 | 2 | 0 | |a metódy |
| 610 | 2 | 0 | |a hodnota reálna |
| 100 | 1 | |a Vašeková, Miroslava, 1978- | |